000 00391pam a2200157a 44500
008 230515b1977 xxu||||| |||| 00| 0 eng d
020 _aNULL
041 _aENGLISH
082 _a630
100 _a8520-1977
245 _aGUIDE FOR SELECTION OF INDUSTRIAL SAFETY EQUIPMENT FOR EYE FACE AND EAR PROTECTION
250 _a0
260 _aDELHI
_bISI
_c1977
300 _a23
650 _aNULL
999 _c652121
_d652121